Prevencia sekrečných porúch mliečnej žľazy dojníc

Bibliographic Details
Main Author: Haladej, Štefan, 1930-1993 (Author)
Format: Book
Language:Slovak
PhysicalDescription:107 s. tab. 21 cm
Published: V Bratislave Príroda 1989
ISBN:8007001700
Edition:2. dopl. vyd.
Series:Živočíšna výroba
Subjects:

MARC

LEADER 00000cam a2200000 a 4500
001 vtls001061367
003 SK-MaSNL
005 20260301143235.0
008 180815s1989 xo l g 00000 slo
015 |a SNBA1990/06 
020 |a 8007001700 
035 |a SNK000004195 
040 |a SNK  |b slo  |c SNK  |e AACR2 
041 0 |a slo 
044 |a xo  |c SK 
072 7 |a 636  |x Živočíšna výroba  |2 konspekt 
080 |a 636.2.034  |2 2001 
080 |a 618.19-002  |2 2001 
080 |a 637.1  |2 2001 
080 |a 636.09  |2 2001 
080 |a 616-084  |2 2001 
080 |a (048.8)  |2 2001 
080 |a 613/614  |2 2001 
245 0 0 |a Prevencia sekrečných porúch mliečnej žľazy dojníc  |c Štefan Haladej ... [et al.] 
250 |a 2. dopl. vyd. 
260 |a V Bratislave  |b Príroda  |c 1989 
300 |a 107 s.  |b tab.  |c 21 cm 
366 |e 3000 výtl. Nepredajné 
490 1 |a Živočíšna výroba 
500 |a Vyd. pre Ministerstvo poľnohospodárstva a výživy SSR 
504 |a Bibliogr. s. 106-107 
650 0 7 |a mliečny dobytok  |2 SNKPH  |9 67365 
650 0 7 |a mlieko  |2 SNKPH  |9 3942 
650 0 7 |a choroby hospodárskych zvierat  |2 SNKPH  |9 68493 
650 0 7 |a prevencia ochorení  |2 SNKPH  |9 69501 
650 0 7 |a hygiena  |2 SNKPH  |9 16835 
650 0 7 |a mastitída (veterinárna medicína)  |2 SNKPH  |9 224559 
655 7 |a štúdie  |2 SNKPH  |9 57033 
700 1 |a Haladej, Štefan,  |d 1930-1993  |4 aut  |9 39194 
830 0 |a Živočíšna výroba  |9 265285 
919 |a 80-07-00170-0 
958 |a OND 
999 |c 773049  |d 774979 
952 |a SNK  |b SNK  |y PREZ  |7 0  |p 17A0475466  |o snkSC 76816  |i snkKSP 3372/90  |0 0  |1 0  |4 0  |d 2007-01-08  |l 0  |r 2026-02-24 00:40:39  |w 2026-02-24 
952 |a SNK  |b SNK  |y VYP  |7 0  |p 17A0351696  |o snkSC 76816 D1  |i snkKSP 3373/90  |0 0  |1 0  |4 0  |d 2007-01-08  |l 0  |r 2026-02-24 00:40:40  |w 2026-02-24